000 01012nam a2200289 a 4500
001 BRCA_6948
005 20190320205644.0
008 171111s1925----gw-ab#####---#000-0#ger-#
041 _ager
044 _agw
050 4 _aNB801
_b.W44 1925
100 1 _aWeise, Georg
_914278
245 1 0 _aSpanische Plastik aus sieben Jahrhunderten
_cvon Georg Weise ; unter Mitwirkung von Hannshubert Mahn und Bertrhold Conrades
260 _aReutlingen, Alemania
_bGryphius
_c1927
300 _a2 v.
_bil., mapas
_c27 cm.
440 0 _aTübinger Forschungen zur Archäologie und Kunstgeschichte
_v6
_917313
500 _aLa biblioteca sólo cuenta con el v.2 en dos tomos
500 _aO180
505 0 _av.2 (t.1): Texto.-- v.2 (t.2): Ilustraciones.
650 1 4 _aEscultura
_zEspaña
_99315
650 1 4 _aArte y simbolismos cristianos
_917314
650 1 4 _aEscultura
_xHistoria
_93347
700 1 _aMahn, Hannshubert
_ecoaut.
_917315
700 1 _aConrades, Bertrhold
_ecoaut.
_917316
902 _aGFM
942 _2lcc
_cB
999 _c6630
_d6630